The Weeknd songs with 1B+ streams - Statistics

General Stats
  • This quiz has been taken 392 times
  • The average score is 6 of 9
Answer Stats
Streams Song % Correct
3,682,465,063 Blinding Lights
97%
2,542,067,008 Starboy
91%
1,935,870,909 The Hills
86%
1,577,017,185 Save Your Tears
80%
1,623,771,396 Die For You
71%
1,519,638,005 I Feel It Coming
60%
1,438,229,484 Call Out My Name
59%
1,428,889,183 Earned It
52%
1,507,246,129 I Can't Feel My Face
27%
No matching quizzes found
Score Distribution
Percent of People with Each Score
Percentile by Number Answered
Your Score History
You have not taken this quiz